English - Swahili Dictionary (Record no. 5859)

MARC details
000 -LEADER
fixed length control field 00574nam a22001577a 4500
008 - FIXED-LENGTH DATA ELEMENTS--GENERAL INFORMATION
fixed length control field 171024b xxu||||| |||| 00| 0 eng d
020 ## - INTERNATIONAL STANDARD BOOK NUMBER
International Standard Book Number 9976 911 297
082 ## - DEWEY DECIMAL CLASSIFICATION NUMBER
Classification number 413 TUK
100 ## - MAIN ENTRY--PERSONAL NAME
Personal name Taasisi ya Uchunguzi wa Kiswahili (TUKI)
245 ## - TITLE STATEMENT
Title English - Swahili Dictionary
Remainder of title Kamusi ya Kiingereza - Kiswahili
Statement of responsibility, etc. Taasisi ya Uchunguzi wa Kiswahili (TUKI)
Medium English and Swahili
250 ## - EDITION STATEMENT
Edition statement 3rd ed
260 ## - PUBLICATION, DISTRIBUTION, ETC. (IMPRINT)
Place of publication, distribution, etc. Dar es Salaam- Tanzania
Name of publisher, distributor, etc. Institute of Kiswahili Studies University of Dar es Salaam
Date of publication, distribution, etc. 2006
300 ## - PHYSICAL DESCRIPTION
Extent 1005p
Other physical details 21cm
650 ## - SUBJECT ADDED ENTRY--TOPICAL TERM
Source of heading or term Dictonary
942 ## - ADDED ENTRY ELEMENTS (KOHA)
Source of classification or shelving scheme Dewey Decimal Classification
Koha item type BOOKS
Holdings
Withdrawn status Lost status Source of classification or shelving scheme Damaged status Not for loan Home library Current library Date acquired Total Checkouts Full call number Barcode Date last seen Price effective from Koha item type
    Dewey Decimal Classification     Mwanza Mwanza 24/10/2017   413 TUK 10000001221 24/10/2017 24/10/2017 BOOKS

IRDP © 2021 :: Managed by ICT Team